[Event "Girona-ch"]
[Site "Blanes"]
[Date "2015.??.??"]
[Round "2"]
[White "Gili Munoz, Daniel"]
[Black "Martinez Martinez, Jose"]
[Result "1-0"]
[WhiteElo "1877"]
[BlackElo "1717"]
[PlyCount "111"]
[EventDate "2015.09.27"]
[EventType "swiss"]
[EventRounds "9"]
[EventCountry "ESP"]
[SourceTitle "EXT 2017"]
[Source "ChessBase"]
[SourceDate "2016.10.25"]
[SourceVersion "1"]
[SourceVersionDate "2016.10.25"]
[SourceQuality "1"]

1. d4 d6 2. e4 Nf6 3. Nc3 e6 4. f3 a6 5. Be3 c6 6. Qd2 h6 7. 0-0-0 Qc7 8. g4 b5 9. Bg2 Nbd7 10. Kb1 Rb8 11. h4 Nb6 12. b3 a5 13. Nh3 a4 14. g5 Ng8 15. d5 axb3 16. cxb3 b4 17. Bxb6 Rxb6 18. Na4 Rb8 19. dxc6 e5 20. Rc1 Ne7 21. gxh6 g6 22. Rc2 Bxh6 23. Qd3 Be6 24. Rd1 Nc8 25. Ng5 Bxg5 26. hxg5 Ke7 27. Rf1 Na7 28. f4 exf4 29. Rxf4 Nb5 30. Rc1 Rh7 31. Rf2 Qa7 32. Qf3 Na3+ 33. Ka1 Qd4+ 34. Rb2 Qe5 35. c7 Rbh8 36. Qf6+ Qxf6 37. gxf6+ Kxf6 38. Nb6 Bc8 39. Nd5+ Ke6 40. Nxb4 Nb5 41. Nd5 Bb7 42. Bh3+ Rxh3 43. Nf4+ Kd7 44. Nxh3 Rxh3 45. Rbc2 Na7 46. c8Q+ Nxc8 47. Rc7+ Ke6 48. Rxb7 Ne7 49. Rcc7 Ng8 50. Rxf7 Ke5 51. Rg7 Nf6 52. Rbe7+ Kd4 53. Rxg6 Nxe4 54. Rxe4+ Kxe4 55. Rxd6 Rh7 56. a4 1-0

[Event "Girona-ch"]
[Site "Blanes"]
[Date "2015.??.??"]
[Round "1"]
[White "Salagran Ferragut, Guillem"]
[Black "Gili Munoz, Daniel"]
[Result "1-0"]
[WhiteElo "2221"]
[BlackElo "1877"]
[PlyCount "43"]
[EventDate "2015.09.27"]
[EventType "swiss"]
[EventRounds "9"]
[EventCountry "ESP"]
[SourceTitle "EXT 2017"]
[Source "ChessBase"]
[SourceDate "2016.10.25"]
[SourceVersion "1"]
[SourceVersionDate "2016.10.25"]
[SourceQuality "1"]

1. e4 c5 2. Nf3 d6 3. d4 cxd4 4. Qxd4 Nc6 5. Bb5 Bd7 6. Bxc6 Bxc6 7. Nc3 Nf6 8. Bg5 e6 9. Qd3 h6 10. Bh4 Be7 11. 0-0-0 g5 12. Bg3 e5 13. Nd2 Qc7 14. Nc4 0-0-0 15. Ne3 Bd7 16. Ned5 Nxd5 17. Nxd5 Qa5 18. Nxe7+ Kb8 19. Qxd6+ Ka8 20. Qa3 Qb6 21. Nd5 Qc6 22. Bxe5 1-0